Welcome to CU Library Online Public Access Catalogue (OPAC)

INTERNATIONAL AND MULTINATIONAL ACCOUNTING (Record no. 8726)

MARC details
000 -LEADER
fixed length control field 00479cam a2200157 4500
001 - CONTROL NUMBER
control field FRBNF374528670000007
003 - CONTROL NUMBER IDENTIFIER
control field http://catalogue.bnf.fr/ark:/12148/cb374528671
005 - DATE AND TIME OF LATEST TRANSACTION
control field 20260216153508.0
008 - FIXED-LENGTH DATA ELEMENTS--GENERAL INFORMATION
fixed length control field CUC123
100 ## - MAIN ENTRY--PERSONAL NAME
Personal name BELKAOUI, AHMED RIAHI
245 ## - TITLE STATEMENT
Title INTERNATIONAL AND MULTINATIONAL ACCOUNTING
260 ## - PUBLICATION, DISTRIBUTION, ETC.
Place of publication, distribution, etc. NEW YORK
Name of publisher, distributor, etc. THE DRYDEN PRESS
Date of publication, distribution, etc. 1994
300 ## - PHYSICAL DESCRIPTION
Extent Notes bibliogr. Index
700 ## - ADDED ENTRY--PERSONAL NAME
Materials specified 12362334
Arranged statement for music ISNI0000000109139453
Personal name Riahi Belkaoui
Numeration Ahmed
Relationship 070
942 ## - ADDED ENTRY ELEMENTS (KOHA)
Source of classification or shelving scheme Library of Congress Classification
Koha item type Books
Suppress in OPAC No
999 ## -
-- 8726
-- 8726
Holdings
Withdrawn status Lost status Source of classification or shelving scheme Damaged status Not for loan Collection Home library Current library Shelving location Date acquired Total checkouts Full call number Barcode Date last seen Copy number Price effective from Koha item type Public note
    Library of Congress Classification     Non-fiction Graduate Library (Christ Temple) Graduate Library (Christ Temple) General stacks 02/16/2026   HF5635 BEL GSCT00002444 02/16/2026 1 02/16/2026 Books EAQ
    Library of Congress Classification     Non-fiction Graduate Library (Christ Temple) Graduate Library (Christ Temple) General stacks 02/16/2026   HF5635 BEL GSCT00002525 02/16/2026 2 02/16/2026 Books EAQ
    Library of Congress Classification     Non-fiction Graduate Library (Christ Temple) Graduate Library (Christ Temple) General stacks 02/16/2026   HF5635 BEL GSCT00002526 02/16/2026 3 02/16/2026 Books EAQ
© 2023-2024 Copyright: Central University Libraries. All Rights Reserved | Created by: Mahone Tech Office